| 000 | 00553cam a22002171 4500 | ||
|---|---|---|---|
| 001 | sa 68016705 | ||
| 003 | DLC | ||
| 005 | 20260227112656.0 | ||
| 008 | 720927s1966 xx 000 0 ind | ||
| 010 | _asa 68016705 | ||
| 035 | _a(OCoLC)418524 | ||
| 040 |
_aDLC _cOAU _dDLC |
||
| 042 | _apremarc | ||
| 050 | 0 | 0 |
_aBP166.2 _b.H34 |
| 100 | 1 | _aHassan, A. | |
| 245 | 1 | 0 |
_aAt-tauhied, _coleh A. Hassan. |
| 250 | _a[Tjet. 8.] | ||
| 260 |
_aBandung, _b"Diponegoro;" _b[Pusat pendjual: "Dahlan," _c1966] |
||
| 300 |
_a92 p. _c18 cm. |
||
| 650 | 0 | _aGod (Islam) | |
| 999 |
_c87257 _d87257 |
||